Dove giocava nel 2010-2011? - Quiz n°14 - Statistics

Statistiche generali
  • Questo quiz è stato fatto 41 volte
  • Il punteggio medio è 9 su 10
Statistiche sulle risposte
Hint Risposta % Corretto
Maicon Inter
100%
James Milner Manchester City
100%
Benedikt Höwedes Schalke 04
97%
Alejandro Gómez Catania
94%
Giorgio Chiellini Juventus
94%
Miralem Pjanić Olympique Lione
88%
Kalidou Koulibaly Metz
85%
Juan Manuel Vargas Fiorentina
82%
Andrea Pirlo Milan
82%
Medhi Benatia Udinese
82%
Nessun quiz corrispondente trovato
Distribuzione punteggi
Percentuale di utenti per punteggio
Percentile per numero di risposta
I tuoi punteggi nel tempo
Non hai fatto questo quiz